AH International Schools' Libraries

Normal view MARC view
  • Conduct of life. Success - religious aspects

Entry Topical Term

Number of records used in: 1

001 - CONTROL NUMBER

  • control field: 86751

003 - CONTROL NUMBER IDENTIFIER

  • control field: OSt

005 - DATE AND TIME OF LATEST TRANSACTION

  • control field: 20251009132811.0

008 - FIXED-LENGTH DATA ELEMENTS

  • fixed length control field: 251009|| aca||aabn | a|a d

040 ## - CATALOGING SOURCE

  • Original cataloging agency: OSt
  • Transcribing agency: OSt

150 ## - HEADING--TOPICAL TERM

  • Topical term or geographic name as entry element: Conduct of life. Success - religious aspects

670 ## - SOURCE DATA FOUND

  • Source citation: Work cat.: (OSt)49634: DeMoss, Mark. 86750, The little red book of wisdom / , 2007.

For any Logos Library related questions please contact Miss Art at swongnarasuk@asianhope.org.

For any Asian Hope Library related questions please contact Miss Raza at graza@asianhope.org.

Click here to explore our ebooks!

Powered by Koha